Payday 2 Characters - Statistics

General Stats
  • This quiz has been taken 227 times
  • The average score is 18 of 22
Answer Stats
Name/Clue Answer % Correct
Nathan Steele/Mastermind Dallas
98%
James Hoxworth/Sharpshooter Hoxton
97%
Ghost/Rogue (Brother to #1) Houston
94%
Technician/Former game dev Wolf
94%
Nicolas/Enforcer Chains
93%
Richard/Sociopath Jacket
88%
Jonathan (Hitman) John Wick
88%
Rochelle/Burglar Clover
84%
Yakuza/Japanese Jiro
79%
Hacker/Youngest Member Joy
79%
Tony Montana/Kingpin Scarface
79%
Kelli King/Anarchist Sydney
78%
Tom Bishop/Biker Rust
76%
McGee/Gambler Bonnie
73%
James/Maniac Jimmy
73%
Sergei Kozak/Grinder Sokol
73%
Mr Klein/Tag Team Ethan
71%
August Lindenhurst/Stoic Duke
70%
Zubovic/Infiltrator Dragan
69%
Antonio Rodriguez/Sicario Sangres
68%
Ex-president/Point Break Bodhi
65%
Mrs Klein/Tag Team Hila
64%
No matching quizzes found
Score Distribution
Percent of People with Each Score
Percentile by Number Answered
Your Score History
You have not taken this quiz